Patrol 05 z policjantki i policjanci - Statystyki

Ogólne statystyki
  • Ten quiz został rozwiązany 34 razy
  • Średni wynik to 5 z 52
Statystyki odpowiedzi
LP. Dowódca czy Partner Stopień Osoba % Poprawnych
1. Dowódca Asp. Szt. Mikołaj Białach
94%
1. Partner St. Sierż. Aleksandra Wysocka
65%
2. Dowódca Asp. Szt. Mikołaj Białach
41%
3. Dowódca Asp. Szt. Mikołaj Białach
41%
2. Partner Sierż. Szt. Monika Kownacka
29%
5. Dowódca Asp. Szt. Mikołaj Białach
24%
3. Partner St. Sierż. Emilia Drawska-Zapała
18%
4. Partner Post. Mieszko Pawlak
18%
4. Dowódca St. Sierż. Aleksandra Wysocka
12%
26. Partner Sierż. Krzysztof Zapała
12%
26. Dowódca Podkom. Lena Kamińska
12%
5. Partner Post. Mieszko Pawlak
12%
7. Partner Post. Mieszko Pawlak
12%
6. Partner Asp. Szt. Mikołaj Białach
12%
9. Dowódca Asp. Szt. Mikołaj Białach
12%
10. Partner Asp. Szt. Mikołaj Białach
12%
11. Dowódca Asp. Szt. Mikołaj Białach
12%
8. Partner St. Sierż. Aleksandra Wysocka
6%
9. Partner St. Sierż. Aleksandra Wysocka
6%
11. Partner St. Sierż. Aleksandra Wysocka
6%
6. Dowódca Podkom. Karolina Rachwał
6%
7. Dowódca Podkom. Karolina Rachwał
6%
8. Dowódca Podkom. Karolina Rachwał
6%
10. Dowódca Podkom. Karolina Rachwał
6%
12. Partner Asp. Szt. Mikołaj Białach
6%
13. Partner Asp. Szt. Mikołaj Białach
6%
14. Partner Asp. Szt. Mikołaj Białach
6%
15. Dowódca Asp. Szt. Mikołaj Białach
6%
16. Dowódca Asp. Szt. Mikołaj Białach
6%
25. Partner Asp. Szt. Mikołaj Białach
6%
15. Partner St. Sierż. Aleksandra Wysocka
0%
24. Partner St. Post. Joanna Zielińska
0%
16. Partner Mł. Asp. Karina Wolniewicz
0%
12. Dowódca Podkom. Karolina Rachwał
0%
14. Dowódca Podkom. Karolina Rachwał
0%
21. Partner Sierż. Krzysztof Zapała
0%
22. Partner Sierż. Krzysztof Zapała
0%
23. Partner Sierż. Krzysztof Zapała
0%
22. Dowódca Podkom. Lena Kamińska
0%
24. Dowódca Podkom. Lena Kamińska
0%
25. Dowódca Podkom. Lena Kamińska
0%
17. Partner Podkom. Miłosz Bachleda | Góral
0%
18. Dowódca Podkom. Miłosz Bachleda | Góral
0%
19. Partner Podkom. Miłosz Bachleda | Góral
0%
20. Dowódca Podkom. Miłosz Bachleda | Góral
0%
21. Dowódca Podkom. Miłosz Bachleda | Góral
0%
23. Dowódca Podkom. Miłosz Bachleda | Góral
0%
17. Dowódca Asp. Szt. Natalia Mróz
0%
18. Partner Asp. Szt. Natalia Mróz
0%
20. Partner Asp. Szt. Natalia Mróz
0%
13. Dowódca Podkom. Zuzanna Kowal
0%
19. Dowódca Podkom. Zuzanna Kowal
0%
Nie znaleziono quizów pasujących do podanych kryteriów
Rozkład punktacji
Procent ludzi z każdym wynikiem
Percentyl według liczby udzielonych odpowiedzi
Twoja historia wyników
Nie rozwiązałeś tego quizu